00550nam a2200181 a 45000010010000000030011000100080041000210350026000620820016000881000020001042450040001242600052001646500015002169420012002319520090002439980020003339990015003530000-9303ELIB.Books110520 1975  a(ELIB.Books)0000-9455 a269.2 bEng aEngel, James F. aWhat's Gone Wrong with the Harvest' bGrand Rapids: Zondervan Publishing House c1975 aEvangelism 2ddccBK 00102ddc4070aKBTSbKBTSd2011-05-20l0p2935r2022-01-22 00:00:00w2022-01-22yBK cbate2011-05-20 c9303d9303